| 000 | 00625nam a2200205 a 4500 | ||
|---|---|---|---|
| 005 | 20240530063615.0 | ||
| 008 | 090601s1992 mx r 000 0 spa d | ||
| 020 | _a8479600012 | ||
| 035 | _aUPN01000170791 | ||
| 049 | _aCG | ||
| 050 | 4 |
_aPQ6635 A3.2 _bP4.3 |
|
| 245 | 0 | 0 |
_aPedro Salinas para niños / _ced. Solita Salinas ; il. Jesús Aroca. |
| 260 |
_aMadrid : _bEdiciones de la Torre, _c1992. |
||
| 300 |
_a125 p. : _bil. |
||
| 440 | 0 |
_aAlba y mayo. _pPoesía ; _v14 |
|
| 600 | 1 | 4 |
_aSALINAS SERRANO, PEDRO, _d1891-1951 |
| 650 | 4 |
_aPoesía Española _ySiglo XX _91243 |
|
| 700 | 1 |
_aSalinas, Solita, _eed. |
|
| 905 | _aLibro | ||
| 999 |
_c142896 _d142896 |
||